Microeconomics, 7th edition / (Record no. 344523)

000 -LEADER
fixed length control field 00637 a2200181 4500
020 ## - INTERNATIONAL STANDARD BOOK NUMBER
International Standard Book Number 8131725995
020 ## - INTERNATIONAL STANDARD BOOK NUMBER
International Standard Book Number 9788131725993
090 ## - LOCALLY ASSIGNED LC-TYPE CALL NUMBER (OCLC); LOCAL CALL NUMBER (RLIN)
-- 2020
-- 2020
100 1# - MAIN ENTRY--PERSONAL NAME
Personal name Pindych, Robert S.; Rubinfeld, Daniel L.; Mehta Prem L.
245 10 - TITLE STATEMENT
Title Microeconomics, 7th edition /
Statement of responsibility, etc. Robert S. Pindyck.
250 ## - EDITION STATEMENT
Edition statement 7th edition ed.
260 ## - PUBLICATION, DISTRIBUTION, ETC.
Place of publication, distribution, etc. [S.l.] :
Name of publisher, distributor, etc. Prentice Hall,
Date of publication, distribution, etc. 2009.
300 ## - PHYSICAL DESCRIPTION
Extent 674 p.
500 ## - GENERAL NOTE
General note Paperback.
856 40 - ELECTRONIC LOCATION AND ACCESS
Materials specified Amazon.com
Uniform Resource Identifier <a href="http://www.amazon.com/exec/obidos/ASIN/8131725995/chopaconline-20">http://www.amazon.com/exec/obidos/ASIN/8131725995/chopaconline-20</a>
856 40 - ELECTRONIC LOCATION AND ACCESS
Materials specified Amazon customer reviews
Uniform Resource Identifier <a href="http://www.chopac.org/cgi-bin/tools/azrev.pl?q=8131725995">http://www.chopac.org/cgi-bin/tools/azrev.pl?q=8131725995</a>
942 ## - ADDED ENTRY ELEMENTS (KOHA)
Institution code [OBSOLETE] NBS
Koha item type Book
Call number prefix 338.5 PIN
Holdings
Withdrawn status Lost status Source of classification or shelving scheme Damaged status Not for loan Permanent Location Current Location Date acquired Full call number Barcode Date last seen Price effective from Koha item type Public note Total Checkouts Date last checked out Shelving location Source of acquisition
  Write Off       Central Library (CL) Central Library (CL) 08/28/2013 338.5 PIN NBS8364 08/28/2013 08/28/2013 Book Write off File No.0908/IRC/NBS Dated Aug 16, 2018        
          Central Library (CL) Central Library (CL) 08/28/2013 338.5 PIN NBS8365 05/25/2025 08/28/2013 Book   3 02/03/2025    
          Central Library (CL) Central Library (CL) 04/13/2022 338.5 PIN CL-D-1661 04/13/2022 04/13/2022 Book       Economics Donation
© 2023 Central Library, National University of Sciences and Technology. All Rights Reserved.